书目信息 |
| 书名: | A history of education in the twentieth century world | |
| 作者: | W.F. Connell. | |
| 分册号: | ||
| 分册名: | 出版地: | New York : |
|
| 出版社: | Teachers College Press | |
| 出版时间: | c1980. | |
| 页数: | ix, 478 p. : | |
| 开本: | 21 x 28 cm. | |
| 丛书名: | ||
| 中图分类号: | ||
| 科图分类号: | ||
| 其他分类号: | G519.5 | |
| 主题词: | ||
| 电子资源: | ||
| 000 | 00699cam 2200217 i 45x0 | |
| 001 | E0735511173 | |
| 003 | OCoLC | |
| 005 | 20070207095241.37 | |
| 008 | 030401s1980 nyua b 001 0 eng | |
| 010 | @a 78002947 //r84 | |
| 020 | @a0807780243. | |
| 040 | @aDLC@cDLC | |
| 090 | @aG519.5 | |
| 099 | @dG519.5@ex2 | |
| 100 | 1 | @aConnell, W. F.@q(William Fraser),@d1916- |
| 245 | 12 | @aA history of education in the twentieth century world / @cW.F. Connell. |
| 260 | @aNew York :@bTeachers College Press,@cc1980. | |
| 300 | @aix, 478 p. :@bill. ;@c21 x 28 cm. | |
| 504 | @aIncludes bibliographical references and index. | |
| 650 | 0 | @aEducation@xPhilosophy. |
| 650 | 0 | @aEducation@xHistory. |
| A history of education in the twentieth century world / / W.F. Connell.-New York : : Teachers College Press, , c1980. |
| ix, 478 p. : : ill. ; ; 21 x 28 cm. |
| Includes bibliographical references and index. |
| ISBN 0807780243. |
| ● |
| 相关链接 |
|
|
|
|
正题名:history of education in the twentieth century world
索取号:G519.5/x2
 
预约/预借
| 序号 | 登录号 | 条形码 | 馆藏地/架位号 | 状态 | 备注 |
| 1 | 182477 | 001172224 | 第二样本阅览室/ [索取号:G519.5/x2] | 在馆 | |
| 2 | 182478 | 001171724 | 第四借阅区/ [索取号:G519.5/x2] | 在馆 | |
| 3 | 182479 | 001172215 | 第四借阅区/ [索取号:G519.5/x2] | 在馆 |